Rückennummern der DFB-Frauen - Statistiken

Allgemein
  • Dieses Quiz wurde 876 mal gespielt
  • Das Durchschnittsergebnis liegt bei 17 aus 23
Antwortstatistiken
Position Rückennummer Spielerin % Korrekt
Tor 1 Merle Frohms
97%
Sturm 11 Alexandra Popp
90%
Mittelfeld 6 Lena Oberdorf
86%
Sturm 7 Lea Schüller
84%
Tor 12 Almuth Schult
83%
Tor 21 Ann-Katrin Berger
83%
Abwehr 15 Giulia Gwinn
80%
Mittelfeld 22 Jule Brand
80%
Abwehr 3 Kathrin Hendrich
77%
Abwehr 5 Marina Hegering
77%
Sturm 10 Laura Freigang
75%
Mittelfeld 9 Svenja Huth
75%
Mittelfeld 19 Klara Bühl
74%
Abwehr 17 Felicitas Rauch
73%
Mittelfeld 20 Lina Magull
73%
Mittelfeld 13 Sara Däbritz
70%
Abwehr 23 Sara Doorsoun
70%
Mittelfeld 8 Sydney Lohmann
69%
Abwehr 2 Sophia Kleinherne
66%
Mittelfeld 16 Linda Dallmann
63%
Sturm 14 Nicole Anyomi
62%
Mittelfeld 4 Lena Lattwein
58%
Sturm 18 Tabea Waßmuth
56%
Keine übereinstimmenden Quizze gefunden
Verteilung der Resultate
Anzahl Personen mit jedem Resultat
Perzentil nach korrekt beantworteten Fragen
Ihre Resultats-Entwicklung
Sie haben dieses Quiz noch nicht gespielt